Unemployment, wages and government policy (Registro nro. 26653)
[ vista simple ]
| 000 -LEADER | |
|---|---|
| fixed length control field | 00327 a2200109 4500 |
| 001 - CONTROL NUMBER | |
| control field | ART_29054 |
| 005 - DATE AND TIME OF LATEST TRANSACTION | |
| control field | 20260410161909.0 |
| 008 - FIXED-LENGTH DATA ELEMENTS--GENERAL INFORMATION | |
| fixed length control field | 260409a |
| 100 1# - MAIN ENTRY--PERSONAL NAME | |
| Personal name | Atkinson, A.B. |
| 245 10 - TITLE STATEMENT | |
| Title | Unemployment, wages and government policy |
| 773 0# - HOST ITEM ENTRY | |
| Title | The Economic Journal |
| Related parts | - Vol. 92, Nº 365 (mar. 1982) |
| Record control number | REV12512 |
No hay ítems disponibles.